Statistics for Fortnite Battle Royale Quiz

Click here to take the quiz!

General Stats

  • This quiz has been taken 15,670 times
    (5,656 since last reset)
  • The average score is 25 of 93

Answer Stats

HintWeapons% Correct
UncommonPump Shotgun
71%
RarePump Shotgun
71%
LegendaryScar
62%
EpicScar
62%
At the start of each round you have to jump out of the -Battle Bus
61%
LocationTilted Towers
58%
The game is created by developers -Epic Games
57%
In the game you must stay out of the -Storm
54%
What is the maximum amount of people allowed in one match?100
53%
Medical itemMed Kit
53%
UncommonSemi-auto Pistol
53%
CommonSemi-auto Pistol
53%
RareSemi-auto Pistol
53%
ResourceWood
51%
ResourceMetal
49%
ResourceStone
49%
What message comes up when you place first?Victory Royale
49%
RareTactical Shotgun
46%
CommonTactical Shotgun
46%
UncommonTactical Shotgun
46%
How many named areas are on the map?20
43%
Medical ItemBandages
43%
LocationSalty Springs
41%
LocationRetail Row
37%
LocationWailing Woods
37%
LegendaryBolt-Action Sniper
35%
EpicBolt-Action Sniper
35%
RareBolt-Action Sniper
35%
CommonGrenade
35%
LocationPleasant Park
35%
PotionShield
35%
LocationLoot Lake
33%
PotionSlurp
33%
EpicRocket Launcher
32%
LegendaryRocket Launcher
32%
RareRocket Launcher
32%
CommonBurst
31%
RareBurst
31%
UncommonBurst
31%
LocationMoisty Mire
31%
LocationGreasy Grove
29%
LocationShifty Shafts
29%
LocationFatal Fields
27%
LocationAnarchy Acres
25%
LocationDusty Divot
25%
PotionChug Jug
24%
LocationFlush Factory
24%
LocationHaunted Hills
23%
LocationJunk Junction
23%
LocationLonely Lodge
23%
LocationLucky Landing
23%
LocationSnobby Shores
22%
EpicGrenade launcher
21%
RareGrenade Launcher
21%
LegendaryGrenade launcher
21%
LocationTomato Town
21%
EpicSemi-Auto Sniper
19%
LegendarySemi-Auto Sniper
19%
EpicTactical Submachine Gun
17%
UncommonTactical Submachine Gun
17%
RareTactical Submachine Gun
17%
Floor TrapLaunch Pad
16%
LocationRisky Reels
16%
EpicHand Cannon
13%
LegendaryHand Cannon
13%
CommonRevolver
13%
RareRevolver
13%
UncommonRevolver
13%
PotionMini Shields
8%
RareScoped AR
8%
EpicScoped AR
8%
UncommonM16
7%
CommonM16
7%
RareM16
7%
UncommonSilenced SMG
7%
CommonSilenced SMG
7%
RareLMG
6%
EpicLMG
6%
EpicSilenced Pistol
6%
LegendarySilenced Pistol
6%
RareSilenced SMG
6%
Floor Trap/Medical ItemCampfire
4%
LegendaryFamas
4%
EpicFamas
4%
Floor TrapRetractable Floor Spikes
3%
Where are the best trees on the map located? Name the biome, not the location.Swamp
2%
RareBoogie Bombs
1%
What skin is usually "living" in Shift Shafts? (Fortnite Joke)John Wick/ Reaper
1%
EpicPorta-Fort
1%
RareRemote Explosives
1%
UncommonClinger Grenade
0%
What caused the crater in the middle of the map?Meteor
0%
Need a Ride?Shopping Cart
0%

Score Distribution

Percentile by Number Answered

Percent of People with Each Score

Your Score History

You have not taken this quiz since the last reset